Key performance indicators : developing, implementing, and using winning KPIs

Αποθηκεύτηκε σε:
Λεπτομέρειες βιβλιογραφικής εγγραφής
Κύριος συγγραφέας: Parmenter, David
Μορφή: Βιβλίο
Γλώσσα:English
Δημοσίευση: Hoboken, N.J. : John Wiley & Sons, c2007
Θέματα:
Ετικέτες: Προσθήκη ετικέτας
Δεν υπάρχουν, Καταχωρήστε ετικέτα πρώτοι!

MARC

LEADER 00000nam a2200000 i 4500
001 1/97239
008 081113s2007 eng d
020 |a 978-0-470-09588-1 
020 |a 0-470-09588-1 
035 |l 10101639 
040 |a GR-MY-UA  |b gre  |e aacr 
041 0 |a eng 
082 0 |a 658.4013  |2 (22) 
100 1 |a Parmenter, David. 
245 1 0 |a Key performance indicators :  |b developing, implementing, and using winning KPIs /  |c David Parmenter 
260 |a Hoboken, N.J. :   |b John Wiley & Sons,   |c c2007 
300 |a xv, 236 σ.;  |b εικ.;  |c 24 εκ. 
504 |a Ευρετήριο : σ. 233-236 
650 0 0 |a Performance technology. 
650 0 0 |a Performance standards. 
650 0 0 |a Organizational effectiveness. 
852 |a INST  |b CHIOS  |e 20081125  |h 658.4013 PAR  |p 005200030766  |q 005200030766  |t BK  |y 12 
852 |a INST  |b CHIOS  |e 20081113  |h 658.4013 PAR  |p 005200030828  |q 005200030828  |t BK  |y 0 
901 |a BIBL2-2008-3 
909 |a Χ  |b 153825 
909 |a X  |b 153778 
922 |a 2ΕΛΗ  |b 200809  |c ΕΠΕΑΕΚ2/ΤΝΕΥ  |d Ι. ΜΙΧΑΛΟΠΟΥΛΟΣ 
922 |a 2ΕΛΗ  |b 200809  |c ΕΠΕΑΕΚ2/ΤΔΕ  |d I. ΜΙΧΑΛΟΠΟΥΛΟΣ 
970 |a ΒΑΡΦΗΣ  |b ΒΑΓΓΕΛΗΣ  |z 2008/11/13